01049nab a2200205 i 4500001000400000003000400004005001700008008003900025040000800064080000800072100018300080245013100263260001000394500002100404520027800425650002600703650003000729650002100759773006300780BPPBPK20150224090236.0150224s1971 pl | | |000 ||lpo cBPK a691 aMARCINKOWSKI, Stefan.d1969 - 1992.bWyższa Szkoła Inżynierska w Koszalinie - Wydział Budownictwa Lądowego,cZespół Technologii Materiałów i Elementów Budowlanych aZastosowanie popiołów lotnych do produkcji spoiwa pyłowo-wapienno-gipsowego /cStefan Marcinkowski, Stanisław Babiński. c1971. aDane z autopsji. aW artykule omówiono możliwość i celowość wykorzystania popiołów lotnych uzyskiwanych z urządzeń odpylających zakładów energetycznych do produkcji spoiwa pyłowo-wapienno-gipsowego. Omówiono także aktywność pucolaniczną popiołów lotnych. 0aMateriały budowlane. 0aMateriały wiążące. 0aPopiół lotny. iW :tOchrona Powietrza. -gR. 5, 1971, nr 4 (24), s. 17-20